• 首页
  • 本馆介绍
  • 公告通知
  • 最新文献
  • 馆藏检索
  • 电子资源
  • 读者导购
  • 参考咨询
  • 我的图书馆
  • 登录
  • 详细信息显示
  • 放入我的书架
  • 预约/预借图书
  • 作者相关作品
  • 分类相关作品
  • 丛书相关作品
  • 出版社相关作品

书目信息

  • 表格格式
  • 工作单格式
  • 卡片格式
题名:
都市报业品牌经营
    
 
作者: 金雁 , 王宁 , 章于炎 著
分册:  
出版信息: 北京   中国人民大学出版社  2008.03
页数: 328页
开本: 24cm
丛书名: 中外传媒品牌经营丛书
单 册:
中图分类: G211
科图分类:
主题词: 报业--品牌战略 , 报业 , 品牌战略
电子资源:
ISBN: 978-7-300-08471-8
000 01047oam2 2200313 450
001 010700053023
005 20091208151420.64
010    @a978-7-300-08471-8@dCNY39.00
100    @a20080530d2008 em y0chiy0110 ea
101 0  @achi
102    @aCN@b110000
105    @aa z 000yy
106    @ar
200 1  @a都市报业品牌经营@9du shi bao ye pin pai jing ying@f金雁,王宁,章于炎著
210    @a北京@c中国人民大学出版社@d2008.03
215    @a328页@c图@d24cm
225 2  @a中外传媒品牌经营丛书
330    @a本书主要内容包括:认识报纸品牌;在受众头脑中占位;构建报业品牌识别系统;管理品牌资产方略;报纸品牌价值评估。
461  0 @12001 @a中外传媒品牌经营丛书@1701 0@a金雁@4主编
510 1  @aSeries of brand operation strategies in Chinese and foreign media@zeng
606 0  @a报业@x品牌战略
606 0  @a报业
606 0  @a品牌战略
690    @aG211@v4
701  0 @a金雁@9jin yan@4著
701  0 @a王宁@9wang ning@4著
701  0 @a章于炎@9zhang yu yan@4著
801  0 @aCN@bRENTIAN@c20091208
905    @b20795969-73@dG211@e337@f5
    
    都市报业品牌经营/金雁,王宁,章于炎著.-北京:中国人民大学出版社,2008.03
    328页:图;24cm.-(中外传媒品牌经营丛书)
    
    
    ISBN 978-7-300-08471-8:CNY39.00
    本书主要内容包括:认识报纸品牌;在受众头脑中占位;构建报业品牌识别系统;管理品牌资产方略;报纸品牌价值评估。
●
相关链接 在E读中查询图书 在五车中查询图书 在当当中查询图书 在豆瓣中查询图书


正题名:都市报业品牌经营     索取号:G211/337         预约/预借

序号 登录号 条形码 馆藏地/架位号 状态 备注
1 795969   207959690   第一样本阅览室/ [索取号:G211/337] 在馆    
2 795970   207959707   第四借阅区/ [索取号:G211/337] 在馆    
3 795971   207959716   第四借阅区/ [索取号:G211/337] 在馆    
4 795972   207959725   第四借阅区/ [索取号:G211/337] 在馆    
5 795973   207959734   中文系资料室/ [索取号:G211/337] 在馆    
唐山师范学院图书馆 欢迎您!
大连网信软件有限公司© 版权所有